WHO DARES WINS THE STORY OF THE SPECIAL AIR SERVICE 1950-1980 (Record no. 580913)

000 -LEADER
fixed length control field 00441nam a22001337a 4500
020 ## - INTERNATIONAL STANDARD BOOK NUMBER
International Standard Book Number 0-85368-457-X
082 ## - DEWEY DECIMAL CLASSIFICATION NUMBER
Classification number 355.02 GER'W
100 ## - MAIN ENTRY--PERSONAL NAME
Personal name GERAGHTY, TONY
9 (RLIN) 48775
245 ## - TITLE STATEMENT
Title WHO DARES WINS THE STORY OF THE SPECIAL AIR SERVICE 1950-1980
260 ## - PUBLICATION, DISTRIBUTION, ETC.
Place of publication, distribution, etc. LONDON
Name of publisher, distributor, etc. ARMS & ARMOURED
Date of publication, distribution, etc. 1981
300 ## - PHYSICAL DESCRIPTION
Extent 249P
650 ## - SUBJECT ADDED ENTRY--TOPICAL TERM
Topical term or geographic name entry element GREAT BRITAIN HISTORY MILITARY 20TH CENTURY GREAT BRITAIN ARMY SPECIAL AIR SERVICE REGIMENT HISTORY
9 (RLIN) 75514
942 ## - ADDED ENTRY ELEMENTS (KOHA)
Koha item type Book
Holdings
Withdrawn status Lost status Damaged status Not for loan Permanent Location Current Location Shelving location Date acquired Total Checkouts Full call number Barcode Date last seen Price effective from Koha item type
        College of Electrical & Mechanical Engineering (CEME) College of Electrical & Mechanical Engineering (CEME) General Stacks 05/18/2017   355.02 GER'W CEME-14182 06/28/2021 06/28/2021 Book
© 2023 Central Library, National University of Sciences and Technology. All Rights Reserved.